| 000 | 00846nam a22001937a 4500 | ||
|---|---|---|---|
| 005 | 20250707145330.0 | ||
| 010 | _aB-763824-839 BACEN25 | ||
| 020 |
_a9789359774794 _c1295.00 |
||
| 035 | _aB-763824-839 | ||
| 037 | _bThe Readers Paradise | ||
| 082 | _a920 | ||
| 100 |
_aDhar, A.K. _982692 |
||
| 245 |
_aLegends of Battlefield: _bIndia's Greatest Soliders and Leaders/ _cBy A.K.Dhar |
||
| 260 |
_aNew Delhi _bThe Readers Paradise _c2025 |
||
| 270 |
_a103, 4787/23, Ansari Road, Darya Ganj _bNew Delhi _e110002 _k0954444181 _mthereadersparadisesales@gmail.com |
||
| 300 |
_a252p. _c22cm(HB) |
||
| 942 |
_2ddc _cEN _h920 _mDHA |
||
| 999 |
_c209201 _d209201 |
||